Score 0/12 Timer 04:00
1 Play Today
Scrambled Phrase Original Phrase % Correct
PETS FRO LLAMS NAM EONONE SMALL STEP FOR MAN
96%
COSTTY MABE EM UPBEAM ME UP SCOTTY
87%
MY READ I KNALFRY VIEG A TOND MANDFRANKLY MY DEAR I DONT GIVE A DAMN
75.8%
YOU REFCO EB WHIT TEH YAMMAY THE FORCE BE WITH YOU
73.4%
KILE A YUB TO DI LOWVEID LIKE TO BUY A VOWEL
66.4%
A SKEEP YAD COTORD YAWA NA PEPLA HETAN APPLE A DAY KEEPS THE DOCTOR AWAY
63.8%
NAM DAN FEWI I COONPRUNE YOU WONI NOW PRONOUNCE YOU MAN AND WIFE
61.7%
DAN VEENS RECOS YARSE GOA ROUFFOUR SCORE AND SEVEN YEARS AGO
61.6%
TEH CHECINK SCORS IDD DOAR HWY HETWHY DID THE CHICKEN CROSS THE ROAD
58.9%
RAT HOUT FEERWHORE MOOREWHEREFORE ART THOU ROMEO
49.5%
WONNK SA CRIPEN STARTI HET MYLERFROTHE ARTIST FORMERLY KNOWN AS PRINCE
27.4%
GMODINK GARTE DAN DETUNI TIBARIN THRERNON FO DIRENALUNITED KINGDOM OF GREAT BRITAIN AND NORTHERN IRELAND
9.2%
Remove Ads.
Support Sporcle.
Get the best of Sporcle when you Go Orange. This ad-free experience offers more features, more stats, and more fun while also helping to support Sporcle. Thank you for becoming a member.

You're not logged in!

Compare scores with friends on all Sporcle quizzes.
OR
Log In

Show Comments

Extras

Top Quizzes Today


Score Distribution

Your Account Isn't Verified!

In order to create a playlist on Sporcle, you need to verify the email address you used during registration. Go to your Sporcle Settings to finish the process.

Report this User

Report this user for behavior that violates our Community Guidelines.

Details: